| 000 | 011580000a22002770004500 | ||
|---|---|---|---|
| 001 | 52181 | ||
| 010 | _a978-989-552-383-2 | ||
| 021 |
_aPT _b279253/08 |
||
| 100 | _a20180514d2018 k y0pory5003 ba | ||
| 101 | 0 | _apor | |
| 102 | _aPT | ||
| 200 | 1 |
_aUm coração simples _aSeguido de A lenda de São Julião hospitaleiro _fGustave Flaubert _gtrad. Maria Emanuel Côrte-Real, Júlio Machado |
|
| 210 |
_aVila Nova de Famalicão _cQuasi _d2008 |
||
| 215 | _a93, [3] p. | ||
| 304 | _aTítulo original: Un coeur simple. La légende de Saint-Julien l'hospitalier | ||
| 606 |
_92081 _aLiteratura estrangeira _xConto |
||
| 675 |
_a821.133.1-34 _vBN _zpor |
||
| 700 | 1 |
_920100 _aFlaubert _bGustav _f1821-1880 |
|
| 702 | 1 |
_915314 _4730 _aCôrte-Real _bMaria Emanuel |
|
| 702 |
_928989 _4730 _aMachado _bJúlio |
||
| 801 |
_aPT _c20180514 |
||
| 856 |
_uhttps://www.ebiografia.com/gustave_flaubert/ _zmais informação |
||
| 859 |
_uhttps://static.fnac-static.com/multimedia/PT/images_produits/PT/ZoomPE/2/3/8/9789895523832/tsp20100616152901/Um-Coracao-Simples.jpg _zcapa |
||
| 090 | _a52181 | ||
| 942 |
_cMON _n0 |
||
| 999 | _a52181 | ||